[Event "IECC CL4-2008.01 email"]
[Site "IECC email"]
[Date "2008.01.28"]
[Round "?"]
[White "Foster, Duncan"]
[Black "Tsiapouris, Michael"]
[Result "1/2-1/2"]
[WhiteElo "1621"]
[BlackElo "1737"]
[PlyCount "91"]
[EventDate "2008.??.??"]
[EventType "tourn (corr)"]
[EventRounds "4"]
[SourceTitle "Corr 2013"]
[Source "ChessBase"]
[SourceDate "2012.11.12"]
[SourceVersion "1"]
[SourceVersionDate "2012.11.12"]
[SourceQuality "1"]
[WhiteTeam "Greece"]
[BlackTeam "Netherlands"]
[WhiteTeamCountry "GRE"]
[BlackTeamCountry "NED"]

1. d4 Nf6 2. Bg5 Ne4 3. Bf4 c5 4. f3 Qa5+ 5. c3 Nf6 6. Nd2 cxd4 7. Nb3 Qb6 8. Qxd4 Nc6 9. Qxb6 axb6 10. Be3 b5 11. Nd4 Nxd4 12. Bxd4 d6 13. e4 Bd7 14. Bd3 e5 15. Bf2 Be7 16. Ne2 d5 17. exd5 Nxd5 18. Rd1 Rxa2 19. Be4 Nf6 20. Nc1 Rxb2 21. Bxb7 b4 22. Nd3 Rb3 23. c4 0-0 24. Nxe5 Rb8 25. Nxd7 Rxb7 26. Nc5 Bxc5 27. Bxc5 h6 28. Rd4 Rb1+ 29. Rd1 Rxd1+ 30. Kxd1 b3 31. Ba3 Rc7 32. c5 Nd7 33. Kd2 Nxc5 34. Rb1 Rd7+ 35. Kc3 Rc7 36. Rd1 Kh7 37. Rd5 Ne6+ 38. Kxb3 g6 39. Bb4 Kg8 40. Bc3 f5 41. Be5 Rc5 42. Rxc5 Nxc5+ 43. Kc4 Ne6 44. Kd5 Kf7 45. h4 h5 46. Kd6 1/2-1/2

[Event "IECC CL4-2008.01 email"]
[Site "IECC email"]
[Date "2008.01.28"]
[Round "?"]
[White "Tsiapouris, Michael"]
[Black "Mauro, Danilo"]
[Result "1-0"]
[WhiteElo "1728"]
[BlackElo "1579"]
[PlyCount "93"]
[EventDate "2008.??.??"]
[EventType "tourn (corr)"]
[EventRounds "4"]
[SourceTitle "Corr 2013"]
[Source "ChessBase"]
[SourceDate "2012.11.12"]
[SourceVersion "1"]
[SourceVersionDate "2012.11.12"]
[SourceQuality "1"]
[WhiteTeam "Greece"]
[BlackTeam "Netherlands"]
[WhiteTeamCountry "GRE"]
[BlackTeamCountry "NED"]

1. Nf3 Nf6 2. c4 c5 3. g3 Nc6 4. d4 cxd4 5. Nxd4 g6 6. Bg2 Bg7 7. Nc3 0-0 8. 0-0 Ng4 9. Nc2 d6 10. Bd2 Bd7 11. Rc1 Nh6 12. Ne3 Rc8 13. b3 a6 14. Ncd5 e6 15. Nf4 b6 16. Bc3 Bxc3 17. Rxc3 e5 18. Nfd5 Be6 19. Rd3 f5 20. Nc3 Nf7 21. Ned5 e4 22. Rd2 Bxd5 23. Nxd5 b5 24. cxb5 axb5 25. f3 exf3 26. exf3 Qa5 27. f4 Kg7 28. Qa1+ Kh6 29. Rd3 Nb4 30. Nxb4 Qxb4 31. h3 Rc2 32. Kh1 Qa3 33. g4 fxg4 34. hxg4 Qb2 35. Qxb2 Rxb2 36. a4 bxa4 37. bxa4 Kg7 38. Ra1 Rc8 39. a5 Rcc2 40. Bd5 Rh2+ 41. Kg1 Rh4 42. a6 Rxg4+ 43. Kf1 Rxf4+ 44. Rf3 Rxf3+ 45. Bxf3 Rb8 46. a7 Rf8 47. Rb1 1-0

[Event "IECC Swiss-521.2"]
[Site "IECC email"]
[Date "2007.08.23"]
[Round "?"]
[White "Tsiapouris, Michael"]
[Black "Von Rosenberg, Clemens"]
[Result "1-0"]
[WhiteElo "1698"]
[BlackElo "1597"]
[PlyCount "57"]
[EventDate "2007.??.??"]
[EventType "swiss (corr)"]
[EventRounds "1"]
[SourceTitle "Corr 2011"]
[Source "ChessBase"]
[SourceDate "2010.08.31"]
[SourceVersion "1"]
[SourceVersionDate "2010.08.31"]
[SourceQuality "1"]
[WhiteTeam "England"]
[BlackTeam "Poland"]
[WhiteTeamCountry "ENG"]
[BlackTeamCountry "POL"]

1. e4 g6 2. d3 Bg7 3. g3 Nc6 4. Bg2 Nf6 5. f4 d5 6. e5 Bg4 7. Nf3 Nd7 8. d4 Nb6 9. a4 0-0 10. b3 a5 11. Be3 Bf5 12. c3 Qd7 13. 0-0 Rad8 14. Ra2 Bh3 15. Bxh3 Qxh3 16. Ng5 Qf5 17. g4 Qc8 18. f5 h6 19. Nh3 g5 20. Nf2 Nb8 21. Nd3 N6d7 22. h4 f6 23. e6 Nb6 24. Rh2 c6 25. Qf3 Qc7 26. Qh3 Na6 27. Rff2 Nc8 28. hxg5 fxg5 29. Bxg5 1-0

[Event "IECC Swiss-521.1"]
[Site "IECC email"]
[Date "2007.02.20"]
[Round "?"]
[White "Tsiapouris, Michael"]
[Black "Benbachir, Khalid"]
[Result "1-0"]
[WhiteElo "1717"]
[BlackElo "1388"]
[PlyCount "123"]
[EventDate "2007.??.??"]
[EventType "swiss (corr)"]
[EventRounds "1"]
[SourceTitle "Corr 2011"]
[Source "ChessBase"]
[SourceDate "2010.08.31"]
[SourceVersion "1"]
[SourceVersionDate "2010.08.31"]
[SourceQuality "1"]
[WhiteTeam "England"]
[BlackTeam "Poland"]
[WhiteTeamCountry "ENG"]
[BlackTeamCountry "POL"]

1. Nf3 c5 2. g3 d5 3. Bg2 Nc6 4. 0-0 Nf6 5. d3 Bf5 6. Nbd2 Qd7 7. c3 e5 8. Re1 0-0-0 9. Qa4 h6 10. e4 dxe4 11. dxe4 Be6 12. a3 Qc7 13. b4 Nd7 14. Bf1 Nb6 15. Qd1 Be7 16. bxc5 Bxc5 17. Qc2 Na5 18. a4 Rd7 19. Bb5 Rd6 20. Nh4 g6 21. Ng2 Nbc4 22. Nxc4 Nxc4 23. Ne3 Nxe3 24. Bxe3 Bxe3 25. Rxe3 Rhd8 26. Rc1 Rd2 27. Qb1 Bg4 28. Bf1 Qd6 29. Qb5 b6 30. a5 Qf6 31. f3 Kb8 32. axb6 axb6 33. Ra1 R8d7 34. Qa4 Kc7 35. Bb5 Kd8 36. Qa8+ Ke7 37. Bxd7 Bxd7 38. Qa3+ Ke8 39. c4 Rd4 40. Rd3 Rxc4 41. Rd6 Qe7 42. Rxb6 Qxa3 43. Rxa3 Rc1+ 44. Kf2 Bh3 45. Ra2 Be6 46. Rab2 Ke7 47. R6b5 Kf6 48. g4 Ra1 49. Rc5 Ra2 50. Rxa2 Bxa2 51. h4 Bb3 52. Ke2 Ke6 53. Kd2 Kd6 54. Rc8 Ke7 55. Rh8 Kf6 56. Rxh6 Kg7 57. g5 f6 58. h5 Bf7 59. Rxg6+ Bxg6 60. gxf6+ Kxf6 61. hxg6 Kxg6 62. Kc3 1-0